Poklady Inkov Expedícia Latinská Amerika (3)

Podrobná bibliografia
Hlavný autor: Zelený, Mnislav, 1943- (Autor)
Médium: Článok
Jazyk:slovenčina
Fyzický popis:Obr. 8.
Predmet:

MARC

LEADER 00000nab a2200000 a 4500
001 vtls000011647
003 SK-MaSNL
005 20260303021329.0
008 111103c1978 xo 0 slo
015 |a SNBRB19rr/mm-uuuuu 
035 |a CL0021741 
040 |a SNKBUCL  |b slo  |c SNKBUCL  |e AACR2 
041 0 |a slo 
044 |a xo  |c SK 
080 |a 98  |2 1981 
100 1 |a Zelený, Mnislav,  |d 1943-  |4 aut  |9 109672 
245 1 0 |a Poklady Inkov  |b Expedícia Latinská Amerika (3)  |c Mnislav Zelený 
300 |b Obr. 8. 
650 0 7 |a Inkovia  |2 snkbucl  |9 30586 
655 7 |a články z novín a časopisov  |2 snkbucl  |9 267496 
773 0 |t Život  |g Roč. 28, č. 42 (12. 10. 1978), s. 14-17 
850 |a Slovenská národná knižnica v Martine  |a MTA001 
852 |a SNK  |b KIS3GCP 
958 |a RK 
992 |a RBX 
999 |c 1622674  |d 1624604